000
00212 a2200097 4500
001
3309
100
_a
Nagy, F
245
_a
Struggle behind the iron curtain the
260
_a
_b
Macmillan
_c
090
_c
2588
_d
2588
942
_a
NUST-CAE
_c
M
_c
17646
999
_c
238382
_d
238382